Study On ACCOUNTING IN POWER SECTOR (Record no. 503080)

000 -LEADER
fixed length control field 00413cam a22001457a 4500
008 - FIXED-LENGTH DATA ELEMENTS--GENERAL INFORMATION
fixed length control field 180718b2002 xxu||||| |||| 00| 0 eng d
020 ## - INTERNATIONAL STANDARD BOOK NUMBER
International Standard Book Number 978817072782
082 ## - DEWEY DECIMAL CLASSIFICATION NUMBER
Classification number L8 In7s
245 ## - TITLE STATEMENT
Title Study On ACCOUNTING IN POWER SECTOR
260 ## - PUBLICATION, DISTRIBUTION, ETC.
Place of publication, distribution, etc. New Delhi
Name of publisher, distributor, etc. Research Committee
Date of publication, distribution, etc. 2002
300 ## - PHYSICAL DESCRIPTION
Extent A76p.
650 ## - SUBJECT ADDED ENTRY--TOPICAL TERM
Topical term or geographic name entry element Power resources - Accounting
650 ## - SUBJECT ADDED ENTRY--TOPICAL TERM
Topical term or geographic name entry element Energy policy -- India
650 ## - SUBJECT ADDED ENTRY--TOPICAL TERM
Topical term or geographic name entry element Power resources -- India
Holdings
Withdrawn status Lost status Damaged status Not for loan Permanent Location Current Location Date acquired Full call number Barcode Date last seen Price effective from Koha item type
        Indian Institute of Public Administration Indian Institute of Public Administration 2018-08-04 L8 In7s GR19470 2018-08-04 2018-08-04 GR

Powered by Koha